000 01083nam a2200229Ia 4500
003 Ost
005 20260507075212.0
008 260507s9999||||xx |||||||||||||| ||und||
040 _cfsecg
041 _aara
082 _a330
100 _aكنيث، ج.اروو
_eمؤلف
245 0 _aالعقلانية و الاقتصاد /
_c ج.اروو كنيث
260 _aعمان:
_bدار الكتاب الحديث,
_c2009
300 _a127 صفحة؛
_c24 سم
520 _aالفردية المنهجية و المعرفة الاجتماعية ، السيكولوجيا التطورية و اليد الخفية ، التفضيل و الاعتقاد و الرفاه ، صياغة الاختيار العقلاني ، العقلانية و الاختيار الاجتماعي ، الادارة المرئية و الخفية.
653 _aالاقتصاد ــ فلسفة و نظريات
653 _aالعلوم الاجتماعية
700 _aتوبي، جون
_eمؤلف ثانوي
700 _aكوسميدس، ليدا
_eمؤلف ثانوي
942 _cكتاب
999 _c43473
_d43473